Quiz sur le football espagnol - Statistiques

Statistiques générales
  • Ce quiz a été pris 1 633 fois
    484 depuis la dernière actualisation
  • Le résultat moyen est 14 sur 18
Statistiques - réponses
Question Réponse % Correct
Équipes s'affrontant lors du Classico Réal Madrid
99%
Équipes s'affrontant lors du Classico FC Barcelone
98%
Année de la victoire en coupe du monde 2010
94%
Surnom de la sélection espagnole La Roja
93%
Nom du buteur lors de cette finale Andrés Iniesta
91%
Nombre de Ligues des Champions remportées par le Réal Madrid 14
88%
Entraineur français ayant remportée 3 ligues des champions d'affilées avec le Réal Madrid Zinédine Zidane
88%
Joueur devenu le plus jeune buteur de la sélection espagnole en 2024 Lamine Yamal
85%
Club qui détient le plus d'Europa League FC Séville
84%
L'Espagne a remporté 4 Championnats d'Europe de football, quels étaient leurs adversaires lors des finales remportées ? Italie
83%
L'Espagne a remporté 4 Championnats d'Europe de football, quels étaient leurs adversaires lors des finales remportées ? Allemagne
80%
L'Espagne a remporté 4 Championnats d'Europe de football, quels étaient leurs adversaires lors des finales remportées ? Angleterre
79%
Meilleur buteur de la sélection David Villa
69%
La particularité de l'Athletic Bilbao est de ne compter dans son effectif que des joueurs nés au ... ? Pays basque
67%
Joueur le plus capé de la sélection Sergio Ramos
64%
Joueur transféré pour 135 millions d'euros en 2018, record dans le sens des arrivées pour le championnat espagnol Philippe Coutinho
61%
Lors de la saison 2003-2004, Monaco signe une incroyable victoire contre cette équipe espagnole sur le score de 8-3 Deportivo La Corogne
46%
L'Espagne a remporté 4 Championnats d'Europe de football, quels étaient leurs adversaires lors des finales remportées ? Union Soviétique
35%
Aucun quiz correspondant
Distribution des résultats
% des personnes avec chaque résultat
Percentile par nombre de réponses
Votre historique - résultats
Vous n’avez pas pris ce quiz depuis la dernière actualisation